| 000 | 00406nam a2200133Ia 4500 | ||
|---|---|---|---|
| 008 | 160809s9999 xx 000 0 und d | ||
| 100 | _aLe, Van-Hung. | ||
| 245 | _aFirst-Order Mathematical Fuzzy Logic with Hedges | ||
| 245 | _cVan-Hung Le. | ||
| 260 | _bComputer Science and Information Technology | ||
| 260 | _cApril 2016 | ||
| 650 | _xINFORMATION TECHNOLOGY | ||
| 856 | _uhttp://airccse.org/V6N52.html | ||
| 999 |
_c300093 _d300093 |
||